[Event "Duesseldorf-ch"]
[Site "Duesseldorf"]
[Date "2005.11.18"]
[Round "8.10"]
[White "Mersch, Heinrich"]
[Black "Doemges, Heinrich"]
[Result "1-0"]
[WhiteElo "1741"]
[BlackElo "1221"]
[PlyCount "28"]
[EventDate "2005.09.02"]
[EventType "swiss"]
[EventRounds "9"]
[EventCountry "GER"]
[SourceTitle "EXT 2006"]
[Source "ChessBase"]
[SourceDate "2005.11.24"]
[SourceVersion "1"]
[SourceVersionDate "2005.11.24"]
[SourceQuality "1"]

1. e4 d6 2. f4 Nf6 3. Nc3 g6 4. Nf3 Bg4 5. d4 Bg7 6. Bc4 0-0 7. h3 Bxf3 8. gxf3 c6 9. Be3 b5 10. Bd3 e6 11. a3 Nfd7 12. Qd2 f5 13. 0-0-0 b4 14. axb4 Qa5 1-0